[Event "Stafford Wood Green Blitz op"]
[Site "Stafford"]
[Date "2023.07.16"]
[Round "2.7"]
[White "Hankey, Chris"]
[Black "Shearsby, Jude"]
[Result "0-1"]
[WhiteElo "1734"]
[BlackElo "1908"]
[PlyCount "88"]
[EventDate "2023.07.16"]
[EventType "swiss"]
[EventRounds "9"]
[EventCountry "ENG"]
[SourceTitle "CBM 215 Extra"]
[Source "ChessBase"]
[SourceDate "2023.09.30"]
[SourceVersion "1"]
[SourceVersionDate "2023.09.30"]
[SourceQuality "1"]

1. d4 Nc6 2. Nf3 d6 3. e4 Nf6 4. Nc3 Bg4 5. Bb5 a6 6. Ba4 b5 7. Bb3 Bxf3 8. gxf3 e5 9. Nd5 Nxd4 10. c3 Ne6 11. f4 Nxe4 12. Qf3 N4c5 13. Bc2 exf4 14. Bxf4 Nxf4 15. Qxf4 Ne6 16. Qe4 c6 17. Nf4 d5 18. Qe3 Qf6 19. Nd3 Bd6 20. 0-0-0 0-0 21. Kb1 a5 22. Qh3 Ng5 23. Qg4 b4 24. f4 Ne4 25. cxb4 axb4 26. Rhf1 Ra5 27. Nf2 Nxf2 28. Rxf2 Bc5 29. Re2 Rfa8 30. Rde1 g6 31. Bb3 R5a7 32. Rf1 Re7 33. Rxe7 Qxe7 34. f5 g5 35. h4 Qe4+ 36. Qxe4 dxe4 37. Rd1 gxh4 38. Rd7 Rf8 39. f6 h3 40. Rd1 h2 41. Rh1 Bg1 42. Kc2 Rd8 43. Bc4 e3 44. Be2 Rd2+ 0-1

[Event "Leamington Spa 4NCL op-B 26th"]
[Site "Leamington Spa"]
[Date "2021.09.11"]
[Round "2"]
[White "Sarfas, Robin"]
[Black "Hankey, Chris"]
[Result "1-0"]
[WhiteElo "1983"]
[BlackElo "1780"]
[PlyCount "57"]
[EventDate "2021.09.10"]
[EventType "swiss"]
[EventRounds "5"]
[EventCountry "ENG"]
[SourceTitle "EXT 2023"]
[Source "ChessBase"]
[SourceDate "2022.10.05"]
[SourceVersion "1"]
[SourceVersionDate "2022.10.05"]
[SourceQuality "1"]

1. d4 Nf6 2. c4 g6 3. Nc3 Bg7 4. e4 d6 5. Nf3 Bg4 6. Be2 Nbd7 7. 0-0 0-0 8. Be3 c6 9. d5 c5 10. Nd2 Ne5 11. h3 Bxe2 12. Qxe2 Nh5 13. Rab1 f5 14. exf5 Rxf5 15. Nde4 h6 16. f4 Nd7 17. g4 Nxf4 18. Rxf4 Re5 19. Rbf1 Nf6 20. Nxf6+ Bxf6 21. Re4 Rxe4 22. Nxe4 Bg7 23. Qd2 Kh7 24. Rf7 Qe8 25. Qf2 Kg8 26. Rf3 Qd7 27. Kg2 a6 28. Qh4 g5 29. Bxg5 1-0